000 00244nam a2200097Ia 4500
008 190216s9999||||xx |||||||||||||| ||und||
100 _aDev Raj
245 0 _aHindi-Adhunik Katha Sahithya Our Mano Vijan
260 _bVidyarthimithram
942 _cBK
999 _c17004
_d17004